000 00840cam a2200241 a 4500
001 000001333
005 20200929145538.0
008 751021s1964 sp abce 001 0 spa d
040 _aDO-SdBNP
_cFOFT
_dOCoLC
_dCNE
_dDLC
_dBNPHU
042 _apremarc
082 _a915.463
_bG633c
100 1 _aGómez de la Serna, Gaspar,
_94486
245 1 0 _aCastilla la nueva /
_cGaspar Gómez de la Serna ; fotografías de F. Catalá Roca.
260 _aBarcelona :
_bDestino,
_c1964.
300 _a596 p. :
_billus., fold. col. maps, ports. ;
_c22 cm.
490 1 _aGuías de España
500 _aIncluye índice
651 4 _aCastilla La Nueva (España{Rpara}
_xDescripciones Y Viajes
_xGuía
_94487
700 1 _aCatalá Roca, Francesc,
_eillus.
_94488
830 0 _aGuías de España
_94489
910 _aCatalogación derivada / LC
049 _aBNGR
999 _c1264
_d1264